Statistics for Stranger Things Character Quotes Quiz

Click here to take the quiz!

General Stats

  • This quiz has been taken 5,728 times
  • The average score is 15 of 18

Answer Stats

QuoteCharacter% Correct
El, are you there? El? It's me, it's ___. It's day 352, 7:40 pm, I am still there. If you're out there, say something... or give me a sign, I won't, I won't even say anything, I just... I want to know if you're okay.Mike Wheeler
99%
Sorry but you ate my catDustin Henderson
98%
Maybe i am a mess, maybe i'm crazy, maybe i'm out of my mind! But, God help me, I will keep these lights up until the day i die, if I think there's a chance that Will's still out there!Joyce Byers
98%
I may be a pretty sh**y boyfriend, but it turns out I'm actually a pretty damn good babysitter.Steve Harrington
97%
The Demogorgon... it got me.Will Byers
97%
After Sara... I saw her too. And i heard her. I didn't know what was real. And then I figure out that it was in my mind, and I had to pack all that away... otherwise I was gonna fall down a hole, that I couldn't get out of.Jim Hopper
95%
We have a lot of rules in our party, but the most important is, 'Friends don't lie.' Never ever. No matter what.Lucas Sinclair
95%
I don't think my parents ever loved each other. My mom was young. My dad was older, but he had a cushy job, money, came from a good family. So, they bought a nice house at the end of the cul-de-sac... and started their nuclear family. Screw that.Nancy Wheeler
93%
I'm going to my friends. I'm going home.Eleven
91%
Totally TubularMaxine "Max" Mayfield
87%
Tammy Thompson. I wanted her to look at meRobin
86%
You're so dead, SinclairBilly Hargrove
81%
Go away , Go away , Go away! (referring to something he said in a dream to a clown named Mr. Baldo)Bob Newby
80%
Sometimes, people don't really say what they're really thinking. When you capture the right moment, it says more.Jonathan Byers
80%
I've got a code for you instead. It's called Code:"Shut your mouth"Erica Sinclair
74%
I hope you're enjoying your chicken, Ted.Karen Wheeler
66%
You have a wound, Eleven. A terrible wound.... And it's festering.Martin Brenner
66%
For better or worse, I am the schmuck they brought in to make things betterSam Owens
26%

Score Distribution

Percentile by Number Answered

Percent of People with Each Score

Your Score History

You have not taken this quiz